000 00853nam a2200217Ia 4500
003 GCL
005 20240530103618.0
008 140319s9999 xx 000 0 ara d
040 _aGCL /
_cGCL
082 0 4 _a418.04
_bن ت
100 0 _aنور الدين ال على
245 1 2 _aالتعريب واثره فى الثقافتين العربية والفارسية مع ترجمة كتاب المعربات الرشيدية (هدية من الاديب عبدالفتاح الجمل) /
_cنور الدين ال على
250 _aالاولى
260 _aالقاهرة :
_bدار الثقافة للطباعة والنشر ،
_c1979
300 _a209 ص ؛
_c24سم
650 0 4 _aالعالم العربى
650 0 4 _aالترجمة العربية
650 0 4 _aاللغة العربية
650 0 4 _aاللهجات
942 _2ddc
_cBK
999 _c41148
_d41148